000 00744cam a22002413a 4500
001 14558
003 PGUSA
005 20140828083318.0
008 050102s2005||||xxu|||||s|||||000 | eng d
040 _aPGUSA
_beng
042 _adc
050 4 _aQH
100 1 _aWallace, Alfred Russel,
_d1823-1913
245 1 0 _aDarwinism (1889) :
_bAn exposition of the theory of natural selection, with some of its applications
_h[electronic resource] /
_cAlfred Russel Wallace
260 _bProject Gutenberg,
_c2005
506 _aPublic domain in the USA.
516 _aElectronic text
653 _aEvolution
653 _aNatural selection
830 0 _aProject Gutenberg
_v14558
856 4 0 _uhttp://www.gutenberg.org/ebooks/14558
942 _cEB
999 _c243813
_d243813